00605nam a2200193Ia 4500008004100000020001800041082001400059100001900073245004100092250000800133260004200141300002300183500001900206600001500225650001500240942000700255952013200262999001700394240925s9999 xx 000 0 und d a9789332575394 a658.8 KOT aKotler, Philip 2aA Framework for Marketing Management a6th aNew Delhi:bPearson Educationc,2016. a212p.b0fOriginal aIncludes Index aManagement aManagement cBK 001040708MANaUITUbUITUd2019-01-22eAllied Book Companyg495.00l0o658.8 KOTpQ14592r2024-09-25 07:17:22w2024-09-25yBK c17091d17091